Liste des 23 allemands champions du monde en 2014 - Statistiques

Statistiques générales
  • Ce quiz a été pris 185 fois
  • Le résultat moyen est 14 sur 23
Statistiques - réponses
Poste Réponse % Correct
G Manuel Neuer
99%
A Miroslav Klose
93%
D Jérôme Boateng
92%
M Thomas Müller
91%
M Mario Götze
90%
D Philipp Lahm
90%
D Mats Hummels
88%
M Sami Khedira
83%
M Toni Kroos
83%
M Mesut Özil
79%
A André Schürrle
69%
M Bastian Schweinsteiger
69%
D Benedikt Höwedes
46%
A Lukas Podolski
46%
M Julian Draxler
43%
D Per Mertesacker
42%
G Roman Weidenfeller
31%
D Shkodran Mustafi
29%
D Matthias Ginter
25%
M Arthur Kramer
24%
D Kevin Großkreutz
17%
G Ron-Robert Zieler
17%
D Erik Durm
13%
Aucun quiz correspondant
Distribution des résultats
% des personnes avec chaque résultat
Percentile par nombre de réponses
Votre historique - résultats
Vous n’avez pas pris ce quiz